000 00649nam a2200181 4500
999 _c169787
_d169787
005 20220307124808.0
010 _aENG-127011
020 _a9788184672527
_c100.00
035 _aEN-110543
037 _bDBAD/PUB
082 _a342.540853
100 _aMurlidharan,Y.G.
245 _a Managing the supply side of information:
_cY. G. Muralidharan
_ba guide to public information officers under the right to information act-2005
260 _aBanglore
_bNavakarnataka Publications Private Ltd.
_c2011
270 _aEmbassy Centre,Cresent Road,Banglore
_e560001
300 _a144p.
_c24cm(pbk)
942 _2ddc
_cEN
_h372.540853
_mYGM